Промысел нерыбных объектов. Ч. 3: Промысел иглокожих, морского зверя и морских водорослей (Запись № 13638633)

Подробности
000 -МАРКЕР
контрольное поле 02398nam2a2200301 4500
001 - ИДЕНТИФИКАТОР ЗАПИСИ
контрольное поле RU\NLR\BIBL_A\022756325
005 - ИДЕНТИФИКАТОР ВЕРСИИ
контрольное поле 20260520140624.0
010 ## - МЕЖДУНАРОДНЫЙ СТАНДАРТНЫЙ НОМЕР КНИГИ (ISBN)
Номер (ISBN) 978-5-94826-736-4
Тираж 50
021 ## - НОМЕР ГОСУДАРСТВЕННОЙ РЕГИСТРАЦИИ
Код страны Российская Федерация
Номер КН-П-26-004121
Номер Листа государственной регистраци КН-П-26-0386
035 ## - ДРУГИЕ СИСТЕМНЫЕ НОМЕРА
Идентификатор записи (NLR Aleph) 022756325
100 ## - ДАННЫЕ ОБЩЕЙ ОБРАБОТКИ
Данные общей обработки 20260317d2024 u y0rusy50 ca
101 0# - ЯЗЫК РЕСУРСА
Язык текста, звукозаписи и т.д. русский
102 ## - СТРАНА ПУБЛИКАЦИИ ИЛИ ПРОИЗВОДСТВА
Страна публикации Российская Федерация
105 ## - ПОЛЕ КОДИРОВАННЫХ ДАННЫХ: ТЕКСТОВЫЕ МАТЕРИАЛЫ, МОНОГРАФИЧЕСКИЕ
Кодированные данные о монографическом текстовом документе a j 000yy
200 1# - ЗАГЛАВИЕ И СВЕДЕНИЯ ОБ ОТВЕТСТВЕННОСТИ
Основное заглавие Промысел иглокожих, морского зверя и морских водорослей
210 ## - ПУБЛИКАЦИЯ, РАСПРОСТРАНЕНИЕ И ДР.
Дата издания, распространения и т.д. 2024
215 ## - ФИЗИЧЕСКАЯ ХАРАКТЕРИСТИКА
Специфическое обозначение материала и объем 128, [1] с.
Другие сведения о физической характеристике ил., цв. ил.
300 ## - ОБЩИЕ ПРИМЕЧАНИЯ
Текст примечания В макете подзаг.: в 3 ч.
320 ## - ПРИМЕЧАНИЯ О НАЛИЧИИ В ДОКУМЕНТЕ БИБЛИОГРАФИИ / УКАЗАТЕЛЯ
Текст примечания Библиогр. в конце кн. (2 назв.)
461 #0 - УРОВЕНЬ НАБОРА
Встроенное поле 001RU\NLR\BIBL_A\012898062
-- 2001#$aПромысел нерыбных объектов$eучебное пособие для студентов бакалавриата по направлению подготовки 35.03.09 - Промышленное рыболовство$fВ. М. Долина$gФедеральное государственное бюджетное образовательное учреждение высшего образования "Калининградский государственный технический университет"$vЧ. 3
-- 700#1$aДолина$bВ. М.$gВалентина Михайловна
Системный номер (АБИС) связанной записи 12571970
Автор Долина, В. М.
Место публикации Калининград
Дата публикации 2021
Первые сведения об ответственности В. М. Долина
Имя издателя, распространителя и т.д. Изд-во ФГБОУ ВО "КГТУ"
Сведения, относящиеся к заглавию учебное пособие для студентов бакалавриата по направлению подготовки 35.03.09 - Промышленное рыболовство
Заглавие Промысел нерыбных объектов
ISBN 9785948266176
Номер тома Ч. 3
606 1# - НАИМЕНОВАНИЕ ТЕМЫ КАК ПРЕДМЕТ
Наименование темы Морские животные
Формальный подзаголовок Учебные издания для высших учебных заведений
Тематический подзаголовок Промысел
Системный номер авторитетной/нормативной записи 2710075
Идентификатор авторитетной/нормативной записи RU\NLR\AUTH\6601770827
606 1# - НАИМЕНОВАНИЕ ТЕМЫ КАК ПРЕДМЕТ
Наименование темы Морские водоросли
Формальный подзаголовок Учебные издания для высших учебных заведений
Тематический подзаголовок Промысел
Системный номер авторитетной/нормативной записи 1767289
Идентификатор авторитетной/нормативной записи RU\NLR\AUTH\66793288
606 1# - НАИМЕНОВАНИЕ ТЕМЫ КАК ПРЕДМЕТ
Наименование темы Иглокожие
Формальный подзаголовок Учебные издания для высших учебных заведений
Тематический подзаголовок Промысел
Системный номер авторитетной/нормативной записи 2710079
Идентификатор авторитетной/нормативной записи RU\NLR\AUTH\6601770831
942 ## - ДОПОЛНИТЕЛЬНЫЕ ЭЛЕМЕНТЫ ЗАПИСИ (АБИС)
Тип экземпляра АБИС Книга
980 ## - КОЛЛЕКЦИЯ
Название коллекции Национальная библиография

Нет доступных экземпляров.